000 00380nam a22001337a 4500
008 230606b xxu||||| |||| 00| 0 eng d
020 _a9789966021021
082 _a341.249
_bHAN
245 _aKonrad Adenauer Stiftung African Law Study Library
260 _aNairobi,Kenya
_bRule of Law Program for Sub-Saharan Africa
_cJune,2011
300 _aI,163p
440 _v6
942 _2ddc
_cBK
999 _c747
_d747